Comprobaciónes históricas /

Guardado en:
Autor Principal: Mitre, Bartolomé
Formato: Libro
Publicado: Buenos Aires : La Facultad, 1916
Materias:
Etiquetas: Agregar Etiqueta
Sin Etiquetas, Sea el primero en etiquetar este registro!
LEADER 00424nam a22001575a 4500
001 CEM.cems004451
005 20060216000000.0
008 130507s1916##################000#0#####d
003 CEMS
082 0 4 |a 982 
100 1 |a Mitre, Bartolomé 
245 1 0 |a Comprobaciónes históricas / 
260 |a Buenos Aires :  |b La Facultad,  |c 1916 
300 |a s. 
653 |a Historia 
859 |a CEMS  |b BIB. CEMS - 11 de abril  |h 982  |i M698c/II  |p 10823.81  |t Ej.1